San Antonio Spurs Players 2013/2014 - Statistics

General Stats
  • This quiz has been taken 3 times
  • The average score is 10 of 16
Answer Stats
Number Role From Answer % Correct
4 SG North Carolina Danny Green
100%
2 SF San Diego State Kawhi Leonard
100%
8 PG St.Mary Patty Mills
100%
21 PF Wake Forest Tim Duncan
100%
9 PG France Tony Parker
100%
33 PF France Boris Diaw
67%
5 SG Texas Cory Joseph
67%
20 SG Argentina Manu Ginobili
67%
3 SF San Giovanni in Persiceto (Italy) Marco Belinelli
67%
15 PF Florida Matt Bonner
67%
22 C Brazil Tiago Splitter
67%
16 C Washington State Aron Baynes
33%
Coach Gregg Popovich
33%
23 SF Gonzaga Austin Daye
0%
7 SF Texas Damion James
0%
11 C Arizona State Jeff Ayres
0%
No matching quizzes found
Score Distribution
Percent of People with Each Score
Percentile by Number Answered
Your Score History
You have not taken this quiz